| Tag |
First Indicator |
Second Indicator |
Subfields |
| LEADER |
00000cam a2200000 4500 |
| 001 |
in00000059587 |
| 005 |
20151008050506.0 |
| 008 |
800430s1956 es 00000 spa d |
| 035 |
|
|
|a (OCoLC)06265798
|
| 035 |
|
|
|9 AAG1363AM
|
| 040 |
|
|
|a TXA
|c TXA
|d UtOrBLW
|
| 041 |
1 |
|
|a spa
|a eng
|
| 049 |
|
|
|a TXAM
|
| 090 |
|
|
|a HN190.C6
|b R86 1956
|
| 092 |
|
|
|a 323.354
|b R962s/3
|
| 100 |
1 |
|
|a Russell, Daniel S.
|
| 245 |
1 |
0 |
|a Apuntes utiles sobre desarrollo de la communidad rural para El Salvador.
|
| 264 |
|
1 |
|a [San Salvador?],
|b [publisher not identified] ;
|c [1956?]
|
| 300 |
|
|
|a 10 leaves ;
|c 27 cm.
|
| 336 |
|
|
|a text
|b txt
|2 rdacontent
|
| 337 |
|
|
|a unmediated
|b n
|2 rdamedia
|
| 338 |
|
|
|a volume
|b nc
|2 rdacarrier
|
| 500 |
|
|
|a Translation from the English.
|
| 650 |
|
0 |
|a Community development
|z El Salvador.
|
| 651 |
|
0 |
|a El Salvador
|x Rural conditions.
|
| 999 |
|
|
|a MARS
|
| 999 |
f |
f |
|s 598a6a97-3699-3e54-bb68-8234289758fa
|i 50570a01-6459-3e0d-834c-4b890b423ee1
|t 0
|
| 952 |
f |
f |
|p ric
|a Texas A&M University
|b Rellis Campus
|c Joint Library Facility
|d Remote Storage
|t 0
|e HN190.C6 R86 1956
|h Library of Congress classification
|i unmediated -- volume
|m A14800665603
|
| 998 |
f |
f |
|a HN190.C6 R86 1956
|t 0
|l Remote Storage
|